[Event "Match"]
[Site "www.echecsemail.com"]
[Date "2014.12.17"]
[Round "1"]
[White "Andregor"]
[Black "Buliland"]
[WhiteElo "2220"]
[BlackElo "1809"]
[Result "1/2-1/2"]
[Round "1"]
1.d4 Ng8f6
2.Bc1g5 Nf6e4
3.Bg5h4 c5
4.f3 g5
5.fxe4 gxh4
6.e3 Bf8h6
7.Qd1h5 Qd8b6
8.Nb1d2 Bh6xe3
9.Nd2c4 Qb6h6
10.Qh5xh6 Be3xh6
11.d5 d6
12.Ng1f3 Rh8g8
13.g3 Rg8g4
14.Kf2 Nb8d7
15.Ra1e1 Nd7f6
16.e5 Nf6e4
17.Re1xe4 Rg4xe4
18.Bf1d3 Re4xc4
19.Bd3xc4 dxe5
20.Rh1e1 hxg3
21.hxg3 e4
22.Re1xe4 Kf8
23.Bc4d3 Bh6g7
24.b3 Bc8f5
25.Re4e3 Bf5g6
26.Bd3xg6 hxg6
27.c4 Ke8
28.Re3e1 Kd7
29.Re1d1 Ra8h8
30.Kg2 Bg7f6
31.Nf3d2 Rh8h5
32.Nd2e4 Bf6d4
33.b4 b6
34.bxc5 Bd4xc5
35.Ne4xc5 bxc5
36.Rd1f1 Rh5f5
37.Rf1b1 Kd6
38.Rb1b7 Rf5e5
39.Kf3 Re5e1
40.Rb7xa7 Re1c1
41.Ra7a6 Ke5
42.Ra6a7 e6
43.dxe6 fxe6
44.Ra7g7 Rc1c3
45.Kg2 Rc3xc4
46.Rg7xg6 Rc4a4
47.Rg6g5 Kd6
48.Kf3 { draw }
1/2-1/2

[Event "1/64 Finale"]
[Site "www.chess-mail.com"]
[Date "2014.12.17"]
[Round "1"]
[White "Arto20"]
[Black "Ff333"]
[WhiteElo "2370"]
[BlackElo "2010"]
[Result "1-0"]
[Round "1"]
1.e4 e5
2.Ng1f3 Nb8c6
3.Bf1b5 d6
4.d4 exd4
5.Nf3xd4 Bc8d7
6.Nb1c3 a6
7.Bb5xc6 bxc6
8.O-O Ng8f6
9.Qd1f3 c5
10.Nd4f5 c6
11.Rf1e1 g6
12.Bc1g5 h6
13.e5 Bd7xf5
14.Qf3xc6 Bf5d7
15.exf6 Bf8e7
16.fxe7 Qd8b8
17.Nc3d5 Bd7xc6
18.Nd5f6 
1-0

[Event "1/32 Finale"]
[Site "www.chess-mail.com"]
[Date "2014.12.17"]
[Round "1"]
[White "Szustan"]
[Black "Averoes"]
[WhiteElo "2600"]
[BlackElo "2150"]
[Result "1-0"]
[Round "1"]
1.e4 c5
2.c3 Nb8c6
3.d4 cxd4
4.cxd4 d5
5.exd5 Qd8xd5
6.Ng1f3 e5
7.Nb1c3 Bf8b4
8.Bc1d2 Bb4xc3
9.bxc3 exd4
10.Nf3xd4 Ng8f6
11.Bf1e2 Nc6xd4
12.cxd4 O-O
13.O-O Bc8f5
14.Bd2e3 b5
15.Qd1d2 a5
16.Rf1c1 b4
17.Rc1c5 Qd5d7
18.Be2b5 Qd7e6
19.Rc5e5 Nf6e4
20.Re5xe6 Ne4xd2
21.Re6e5 Bf5g6
22.Be3xd2 Rf8d8
23.Bb5c6 Ra8c8
24.Bc6f3 Rd8xd4
25.Bd2e3 { resign }
1-0

[Event "1/128 Finale"]
[Site "www.chess-mail.com"]
[Date "2014.12.17"]
[Round "1"]
[White "Generalfree"]
[Black "Tenzinnima"]
[WhiteElo "1820"]
[BlackElo "1499"]
[Result "0-1"]
[Round "1"]
1.e4 c5
2.c4 g6
3.g3 Bf8g7
4.f4 e6
5.e5 Ng8e7
6.g4 O-O
7.Ng1f3 d5
8.cxd5 Ne7xd5
9.d3 f6
10.exf6 Qd8xf6
11.g5 Qf6e7
12.Qd1a4 b5
13.Qa4xb5 Nd5xf4
14.Bc1xf4 Rf8xf4
15.Bf1e2 Bc8b7
16.Nb1d2 Nb8c6
17.Rh1f1 Rf4b4
{ resign }
0-1

[Event "Eq:CONFOEDERATIONIS HELVETICAE-Los Tercios : "]
[Site "www.chess-mail.com"]
[Date "2014.12.17"]
[Round "1"]
[White "Lui"]
[Black "Agmac"]
[WhiteElo "2460"]
[BlackElo "2660"]
[Result "0-1"]
[Round "1"]
1.e4 e5
2.Ng1f3 Nb8c6
3.Bf1b5 a6
4.Bb5a4 Ng8f6
5.O-O b5
6.Ba4b3 Bf8e7
7.Rf1e1 O-O
8.a4 Bc8b7
9.d3 d6
10.Nb1c3 Nc6a5
11.Bb3a2 b4
12.Nc3e2 c5
13.Ne2g3 Ra8b8
14.Nf3d2 Bb7c8
15.Nd2c4 Na5c6
16.Nc4e3 g6
17.Ne3d5 Nf6xd5
18.Ba2xd5 Nc6d4
19.Bc1h6 Rf8e8
20.c3 Nd4e6
21.Bh6e3 Be7f6
22.Qd1d2 Ne6c7
23.Bd5c6 Bc8d7
24.Bc6xd7 Qd8xd7
25.d4 bxc3
26.bxc3 exd4
27.cxd4 Nc7e6
28.d5 Bf6xa1
29.dxe6 Qd7xa4
30.exf7 Kxf7
31.Qd2xd6 Ba1d4
32.Qd6c7 Kg8
33.Be3h6 Qa4a2
34.Re1f1 Rb8b1
35.Rf1xb1 Bd4xf2
{ resign }
0-1

[Event "Tourn. n7830"]
[Site "www.chess-mail.com"]
[Date "2014.12.18"]
[Round "1"]
[White "Orhany24"]
[Black "Andychesston"]
[WhiteElo "1880"]
[BlackElo "1860"]
[Result "1-0"]
[Round "1"]
1.d4 d5
2.c4 Ng8f6
3.Nb1c3 e6
4.a3 Nb8c6
5.Ng1f3 dxc4
6.e4 Bf8e7
7.Bf1xc4 O-O
8.Bc1g5 h6
9.Bg5h4 Nf6d7
10.Bh4xe7 Qd8xe7
{ time. }
1-0

[Event "Tourn. n7877"]
[Site "www.chess-mail.com"]
[Date "2014.12.18"]
[Round "1"]
[White "Norlavuaram"]
[Black "Andersspike"]
[WhiteElo "2120"]
[BlackElo "2289"]
[Result "0-1"]
[Round "1"]
1.g3 Ng8f6
2.Bf1g2 g6
3.Ng1f3 Bf8g7
4.O-O O-O
5.c4 d6
6.Nb1c3 Nb8c6
7.d4 a6
8.e4 Bc8g4
9.h3 Bg4xf3
10.Bg2xf3 e5
11.d5 Nc6d4
12.Bf3g2 c5
13.dxc6 bxc6
14.f4 Nf6h5
15.Kh2 exf4
16.gxf4 Qd8h4
17.Qd1g4 Qh4e7
18.Bc1e3 Nd4c2
19.Be3d2 Nc2xa1
20.Rf1xa1 Ra8b8
21.b3 Nh5xf4
22.Qg4xf4 Bg7e5
{ resign }
0-1

[Event "Tourn. n7889"]
[Site "www.chess-mail.com"]
[Date "2014.12.18"]
[Round "1"]
[White "Jaroslavpech"]
[Black "Buliland"]
[WhiteElo "2540"]
[BlackElo "2620"]
[Result "0-1"]
[Round "1"]
1.d4 Ng8f6
2.c4 c5
3.d5 b5
4.cxb5 a6
5.bxa6 g6
6.Nb1c3 Bc8xa6
7.e4 Ba6xf1
8.Kxf1 d6
9.Ng1f3 Bf8g7
10.g3 O-O
 { time }
0-1

[Event "Tourn. n7911"]
[Site "www.chess-mail.com"]
[Date "2014.12.18"]
[Round "1"]
[White "Echo314"]
[Black "Woodpusher2"]
[WhiteElo "2650"]
[BlackElo "2460"]
[Result "1/2-1/2"]
[Round "1"]
1.d4 Ng8f6
2.c4 e6
3.Ng1f3 Bf8e7
4.Nb1c3 d5
5.Bc1g5 O-O
6.e3 h6
7.Bg5h4 b6
8.Bf1d3 Bc8b7
9.O-O Nb8d7
10.Qd1e2 c5
11.Rf1d1 Nf6e4
12.Bh4g3 cxd4
13.exd4 Nd7f6
14.Ra1c1 Ne4xg3
15.hxg3 Ra8c8
16.Nf3e5 dxc4
17.Bd3xc4 Nf6d5
18.Bc4xd5 Bb7xd5
19.Qe2a6 Be7d6
20.Kh2 Bd6b8
21.Nc3xd5 Rc8xc1
22.Rd1xc1 Bb8xe5
{ draw }
1/2-1/2

[Event "Tourn. n7893"]
[Site "www.chess-mail.com"]
[Date "2014.12.18"]
[Round "1"]
[White "Winterlude"]
[Black "Glenno"]
[WhiteElo "2540"]
[BlackElo "2350"]
[Result "1-0"]
[Round "1"]
1.e4 e5
2.f4 exf4
3.Bf1c4 Qd8h4
4.Kf1 Ng8f6
5.Ng1f3 Qh4h5
6.Nb1c3 c6
7.d4 d5
8.exd5 cxd5
9.Bc4d3 Qh5h6
10.Qd1e2 Bc8e6
11.Bd3f5 Ke7
12.Nf3e5 Nb8c6
13.Bf5xe6 Nc6xd4
14.Qe2d3 Kxe6
15.Qd3xd4 g5
16.Bc1xf4 gxf4
17.Ra1e1 Qh6g7
18.Ne5g4 Kd6
19.Ng4xf6 { resign }
1-0

[Event "Tourn. n7650"]
[Site "www.chess-mail.com"]
[Date "2014.12.18"]
[Round "1"]
[White "Greghghs"]
[Black "Numanoid"]
[WhiteElo "2340"]
[BlackElo "2440"]
[Result "0-1"]
[Round "1"]
1.e4 e6
2.d4 d5
3.Nb1d2 Nb8c6
4.Ng1f3 Ng8f6
5.e5 Nf6d7
6.Nd2b3 a5
7.a4 Bf8e7
8.Bf1b5 Nc6a7
9.Bb5e2 b6
10.O-O O-O
11.Bc1e3 c5
12.c3 Na7c6
13.Nf3e1 Bc8a6
14.Be2xa6 Ra8xa6
15.f4 f5
16.Qd1e2 Ra6a8
17.c4 cxd4
18.cxd5 Nd7c5
19.Nb3xc5 Qd8xd5
20.Nc5a6 dxe3
21.Na6c7 Qd5d2
22.Qe2xd2 exd2
23.Ne1f3 Ra8a7
24.Nc7xe6 Rf8e8
25.Ra1d1 Be7b4
26.Ne6g5 h6
27.Ng5h3 Ra7d7
28.Nh3f2 Nc6e7
29.h3 Re8c8
30.Kh2 Rc8c2
31.Rd1b1 Bb4c5
32.Nf2d1 Ne7d5
33.b3 Kf7
34.Kg3 Ke6
{ resign }
0-1

[Event "Tourn. n7890"]
[Site "www.chess-mail.com"]
[Date "2014.12.18"]
[Round "1"]
[White "Cristiano"]
[Black "Cardiff"]
[WhiteElo "1979"]
[BlackElo "2040"]
[Result "0-1"]
[Round "1"]
1.e4 e6
2.d4 d5
3.Nb1d2 dxe4
4.Nd2xe4 Nb8d7
5.Ng1f3 Ng8f6
6.Bf1d3 Nf6xe4
7.Bd3xe4 Nd7f6
8.Bc1g5 Bf8e7
9.Be4d3 O-O
10.c3 b6
11.Bg5xf6 Be7xf6
12.O-O Bc8b7
13.Bd3e2 Qd8e7
14.Qd1c2 c5
15.Ra1d1 cxd4
16.Nf3xd4 Rf8d8
17.Nd4f3 g6
18.h3 Ra8c8
19.Rd1xd8 Rc8xd8
20.Rf1d1 Rd8xd1
21.Qc2xd1 Kg7
22.Nf3d4 a6
23.Be2f3 Bb7xf3
24.Qd1xf3 Bf6xd4
25.cxd4 Qe7d7
26.Qf3e3 Qd7b5
27.b3 Qb5a5
28.Qe3e5 Qa5xe5
29.dxe5 f6
30.f4 g5
31.g3 gxf4
32.gxf4 fxe5
33.fxe5 Kg6
34.Kf2 Kf5
35.Kf3 Kxe5
36.Ke3 Kf5
37.Kf3 e5
38.a3 e4
39.Ke3 Ke5
40.b4 b5
41.h4 h5
42.Kf2 Kd4
{ resign }
0-1

[Event "Tourn. n7798"]
[Site "www.chess-mail.com"]
[Date "2014.12.18"]
[Round "1"]
[White "Pgcbies"]
[Black "Madz123456"]
[WhiteElo "2790"]
[BlackElo "2350"]
[Result "1-0"]
[Round "1"]
1.e4 c5
2.Ng1f3 Nb8c6
3.d4 cxd4
4.Nf3xd4 e6
5.Nb1c3 a6
6.Bf1e2 Qd8c7
7.O-O Ng8f6
8.Bc1e3 Bf8e7
9.f4 O-O
10.e5 Nf6d5
11.Nc3xd5 exd5
12.c4 dxc4
13.Be2xc4 Be7c5
14.Nd4f5 d6
15.Be3xc5 dxc5
16.Nf5d6 Bc8e6
17.Bc4xe6 fxe6
18.Ra1c1 b6
19.b4 Nc6xb4
20.Qd1g4 Qc7e7
21.f5 Nb4c6
22.f6 Qe7d7
23.f7 Kh8
24.Qg4h5 Nc6d8
25.Rc1c4 Nd8xf7
26.Rc4f4 Ra8b8
27.Nd6xf7 Kg8
28.Qh5g4 Rf8e8
29.Qg4g3 Re8c8
30.Rf4g4 Kf8
31.Rg4xg7 Qd7d4
32.Kh1 Qd4c4
33.Qg3f2 Qc4xf1
34.Qf2xf1 Kxg7
35.Qf1f6 { resign }
1-0

[Event "Tourn. n7533"]
[Site "www.chess-mail.com"]
[Date "2014.12.18"]
[Round "1"]
[White "Jaroslavpech"]
[Black "Seger"]
[WhiteElo "2660"]
[BlackElo "2720"]
[Result "0-1"]
[Round "1"]
1.e4 c5
2.Ng1f3 Nb8c6
3.d4 cxd4
4.Nf3xd4 e5
5.Nd4b5 d6
6.Nb1c3 a6
7.Nb5a3 Ng8f6
8.Bc1g5 b5
9.Bg5xf6 gxf6
10.Nc3d5 Bf8g7
11.Bf1d3 Bc8e6
12.Nd5e3 Nc6e7
13.Qd1f3 Qd8a5
14.c3 Ra8d8
15.Na3c2 d5
16.exd5 Ne7xd5
17.Ne3f5 Be6xf5
18.Bd3xf5 O-O
19.Qf3e4 h6
20.O-O Qa5a4
21.Qe4xa4 bxa4
22.Rf1d1 Nd5c7
23.Nc2e3 Rd8b8
24.Ra1b1 h5
25.Ne3c4 Nc7b5
26.a3 Rf8e8
27.Bf5c2 Re8c8
28.Nc4e3 Bg7f8
29.g3 Nb5d6
30.Bc2xa4 Nd6c4
31.Ne3xc4 Rc8xc4
32.Ba4c2 Rc4c7
33.Rd1d5 Kg7
34.Kg2 Bf8e7
35.Rd5a5 Rb8b6
36.Bc2d3 Rb6b3
37.a4 Rc7b7
38.Bd3xa6 Rb3xb2
39.Ba6xb7 Rb2xb1
40.Bb7d5 Rb1d1
 { time }
0-1

[Event "Match"]
[Site "www.echecsemail.com"]
[Date "2014.12.18"]
[Round "1"]
[White "Muller42"]
[Black "Guidom"]
[WhiteElo "1809"]
[BlackElo "2060"]
[Result "1/2-1/2"]
[Round "1"]
1.e4 e5
2.Ng1f3 Nb8c6
3.Bf1b5 a6
4.Bb5a4 Ng8f6
5.O-O d6
6.Rf1e1 Bf8e7
7.d4 exd4
8.Nf3xd4 Bc8d7
9.Nd4xc6 bxc6
10.e5 dxe5
11.Re1xe5 O-O
12.Bc1g5 Be7d6
13.Re5e1 h6
14.Bg5h4 Rf8e8
15.Nb1c3 Re8xe1
16.Qd1xe1 Bd6xh2
17.Kxh2 Nf6g4
18.Kg3 g5
19.Bh4xg5 Qd8xg5
20.f4 Qg5g6
21.Qe1h1 Ra8e8
22.Ra1e1 Re8xe1
23.Qh1xe1 Ng4e3
24.Kf2 Ne3g4
25.Kg1 { draw }
1/2-1/2

[Event "Match"]
[Site "www.echecsemail.com"]
[Date "2014.12.18"]
[Round "1"]
[White "Markos123"]
[Black "Menace"]
[WhiteElo "1830"]
[BlackElo "2140"]
[Result "0-1"]
[Round "1"]
1.e3 c5
2.c4 d6
3.Nb1c3 g6
4.d4 cxd4
5.exd4 Bf8g7
6.Ng1f3 Bc8g4
7.h3 Bg4xf3
8.Qd1xf3 Nb8c6
9.Bf1d3 Bg7xd4
10.Nc3d5 e6
11.Nd5f4 Ng8e7
12.O-O O-O
13.Nf4e2 Bd4g7
14.Bc1g5 Qd8b6
15.b3 Bg7xa1
16.Rf1xa1 Ne7f5
17.Bd3xf5 exf5
18.Bg5f6 Nc6e5
19.Qf3c3 Rf8e8
20.Ne2d4 d5
21.c5 Qb6xf6
22.Ra1d1 Ne5c6
23.Qc3d2 Nc6xd4
24.b4 Nd4c6
25.a3 a6
26.Qd2xd5 Ra8d8
27.Qd5f3 Rd8xd1
28.Qf3xd1 Qf6c3
29.Qd1f3 Qc3xf3
30.gxf3 f4
31.h4 Re8e2
32.Kg2 h5
33.Kf1 Re2a2
34.b5 axb5
{ resign }
0-1

[Event "Match"]
[Site "www.echecsemail.com"]
[Date "2014.12.18"]
[Round "1"]
[White "Lautreamont"]
[Black "Buliland"]
[WhiteElo "2899"]
[BlackElo "2540"]
[Result "1-0"]
[Round "1"]
1.d4 Ng8f6
2.c4 e6
3.Nb1c3 Bf8b4
4.Ng1f3 b6
5.g3 Bc8a6
6.Bf1g2 d5
7.Qd1a4 { resign }
1-0

[Event "1/64 Finale"]
[Site "www.chess-mail.com"]
[Date "2014.12.18"]
[Round "1"]
[White "Jaroslavpech"]
[Black "Buliland"]
[WhiteElo "2550"]
[BlackElo "2570"]
[Result "0-1"]
[Round "1"]
1.e4 c5
2.Ng1f3 d6
3.d4 cxd4
4.Nf3xd4 Ng8f6
5.Nb1c3 a6
6.Bc1e3 e5
7.Nd4b3 Bc8e6
8.f3 Bf8e7
9.Qd1d2 O-O
10.O-O-O Nb8d7
11.g4 b5
12.g5 b4
13.Nc3e2 Nf6e8
14.f4 a5
15.f5 a4
16.Nb3d4 exd4
 { time }
0-1

[Event "Eq:La Taverne-Team USA : "]
[Site "www.chess-mail.com"]
[Date "2014.12.18"]
[Round "1"]
[White "Guidom"]
[Black "Olddog55"]
[WhiteElo "2140"]
[BlackElo "1680"]
[Result "1-0"]
[Round "1"]
1.e4 e6
2.d4 Ng8f6
3.Nb1c3 d5
4.e5 Nf6d7
5.Ng1f3 f6
6.exf6 gxf6
7.Bf1d3 Nb8c6
8.O-O f5
9.Rf1e1 Bf8g7
10.Bd3xf5 O-O
11.Bf5xe6 Kh8
12.Be6xd5 Nd7f6
13.Bd5b3 Qd8d6
14.d5 Nc6b4
15.Nc3b5 Qd6c5
16.c4 Nf6g4
17.Re1f1 Bc8f5
18.h3 Ng4f6
19.Bc1e3 Qc5e7
20.a3 Nb4d3
21.Qd1e2 Nf6e4
22.Be3d4 a6
23.Nb5c3 Nd3c5
24.Bd4xc5 Qe7xc5
25.Nc3xe4 Ra8e8
26.Ne4xc5 Re8xe2
27.Nc5e6 Rf8f7
28.Ne6xg7 Rf7xg7
29.Kh2 Re2xb2
30.Bb3a2 b5
31.cxb5 axb5
32.Nf3d4 Bf5e4
33.g3 h5
34.h4 Be4d3
35.Rf1d1 Rb2xf2
36.Kh3 Bd3e4
37.Rd1g1 Rg7d7
38.Ba2b3 c5
39.Ra1e1 Be4g6
40.Re1e6 Bg6f7
41.Re6e2 Rf2f6
42.Nd4xb5 Rd7b7
43.a4 Bf7e8
44.Re2xe8 Kg7
45.d6 { resign }
1-0

[Event "Tourn. n7868"]
[Site "www.chess-mail.com"]
[Date "2014.12.18"]
[Round "1"]
[White "Bojan"]
[Black "Falcoale"]
[WhiteElo "2020"]
[BlackElo "2050"]
[Result "1-0"]
[Round "1"]
1.c4 c5
2.g3 Nb8c6
3.Ng1f3 e6
4.b3 d5
5.cxd5 exd5
6.Bc1b2 d4
7.Bf1g2 Ra8b8
8.Nb1a3 a6
9.Qd1c2 Ng8f6
10.Na3c4 Bc8e6
11.Ra1d1 Nc6b4
12.Qc2b1 Bf8e7
13.a3 Nb4d5
14.Nf3g5 Be6g4
15.h3 Bg4h5
16.Ng5e4 O-O
17.Rd1c1 Bh5g6
18.Rc1d1 b5
19.Nc4e5 Rb8b6
20.Ne5xg6 hxg6
21.e3 Rf8e8
22.exd4 cxd4
23.Bb2xd4 Nf6xe4
24.Bd4xb6 Nd5xb6
25.Bg2xe4 Be7xa3
26.d3 Nb6d5
27.Qb1a1 b4
28.O-O Nd5c3
29.Rd1e1 Nc3xe4
30.dxe4 Qd8d3
31.Re1e3 Qd3d7
32.Kh2 Qd7b5
33.Rf1e1 Re8e5
34.Qa1d1 Qb5e8
35.Re3d3 Kh7
36.Rd3d4 a5
37.f4 Re5c5
38.Re1e3 Qe8c8
39.g4 Rc5c1
40.Qd1f3 Ba3b2
41.Rd4d2 Rc1b1
42.Re3d3 Bb2c3
43.Rd3d8 Qc8c5
44.Qf3g3 Bc3f6
45.g5 Bf6xd8
46.Qg3h4 Kg8
47.Rd2xd8 Qc5f8
48.Rd8xf8 Kxf8
49.Qh4g3 Rb1b2
50.Kg1 Rb2b1
51.Kf2 Rb1b2
52.Ke1 Rb2c2
53.Qg3d3 Rc2c8
54.Kd2 Ke7
55.Qd3b5 Rc8d8
56.Ke3 { resign }
1-0

[Event "Tourn. n7878"]
[Site "www.chess-mail.com"]
[Date "2014.12.18"]
[Round "1"]
[White "Anja"]
[Black "Juantonio"]
[WhiteElo "1860"]
[BlackElo "1960"]
[Result "1-0"]
[Round "1"]
1.e4 c6
2.d4 d5
3.exd5 cxd5
4.c4 Ng8f6
5.Nb1c3 e6
6.Ng1f3 Nb8c6
7.Bf1d3 Bf8b4
8.O-O O-O
9.a3 Bb4e7
10.h3 dxc4
11.Bd3xc4 a6
12.Bc1f4 Be7d6
13.Bf4g5 h6
14.Bg5e3 b5
15.Bc4d3 Bc8b7
16.Ra1c1 Nc6e7
17.Nf3e5 Ra8c8
18.Qd1d2 Ne7g6
19.Ne5xg6 fxg6
20.Bd3xg6 e5
21.Bg6f5 Rc8c7
22.dxe5 { resign }
1-0

[Event "Tourn. n7876"]
[Site "www.chess-mail.com"]
[Date "2014.12.18"]
[Round "1"]
[White "Welberth"]
[Black "Anja"]
[WhiteElo "1870"]
[BlackElo "1850"]
[Result "1-0"]
[Round "1"]
1.d4 Ng8f6
2.c4 c5
3.Ng1f3 e6
4.Nb1c3 Bf8e7
5.d5 d6
6.e4 O-O
7.Bf1d3 Nb8d7
8.O-O exd5
9.exd5 Nd7b6
10.Qd1c2 Bc8g4
11.Nf3g5 h6
12.Ng5h7 Nf6xh7
13.Bd3xh7 Kh8
14.Bh7d3 Be7g5
15.f4 Bg5f6
16.Nc3e4 Bf6d4
17.Kh1 f5
18.Ne4f2 Bd4xf2
19.Rf1xf2 Qd8f6
20.Bc1d2 Qf6d4
21.Bd2c3 { resign }
1-0

[Event "Tourn. n7844"]
[Site "www.chess-mail.com"]
[Date "2014.12.18"]
[Round "1"]
[White "Anja"]
[Black "Alvarin111"]
[WhiteElo "1810"]
[BlackElo "2100"]
[Result "1-0"]
[Round "1"]
1.e4 e6
2.d4 d5
3.Nb1c3 dxe4
4.Nc3xe4 f5
5.Ne4c3 Ng8f6
6.Ng1f3 Nb8c6
7.Bf1c4 Bf8b4
8.O-O O-O
9.a3 Bb4xc3
10.bxc3 Kh8
11.Nf3g5 Nf6d5
12.Qd1h5 h6
13.Ng5f7 Rf8xf7
14.Qh5xf7 Nd5xc3
15.Bc1b2 Qd8xd4
16.Ra1d1 Qd4xc4
17.Rd1d3 Nc6e5
18.Qf7f8 Kh7
19.Rd3xc3 Qc4f4
20.Rc3g3 { resign }
1-0

[Event "Tourn. n7858"]
[Site "www.chess-mail.com"]
[Date "2014.12.18"]
[Round "1"]
[White "Cristero"]
[Black "Anja"]
[WhiteElo "1800"]
[BlackElo "1800"]
[Result "1-0"]
[Round "1"]
1.e4 Ng8f6
2.e5 Nf6d5
3.d4 d6
4.c4 Nd5b6
5.exd6 exd6
6.Nb1c3 Bf8e7
7.Bf1d3 Nb8c6
8.Ng1e2 O-O
9.O-O Bc8d7
10.Bc1e3 d5
11.cxd5 Nc6b4
12.Bd3e4 Bd7g4
13.f3 Bg4h5
14.Ne2f4 Bh5g6
15.a3 Nb4a6
16.Ra1c1 Nb6c4
17.Be3f2 Nc4xb2
18.Qd1b3 Bg6xe4
19.fxe4 Be7g5
20.Bf2g3 Bg5xf4
21.Bg3xf4 Nb2d3
22.Rc1b1 Nd3xf4
23.Rf1xf4 Qd8d6
24.e5 Qd6b6
25.Nc3a4 Qb6xb3
26.Rb1xb3 b6
27.Na4c3 Ra8d8
28.Rf4g4 Na6b8
29.Nc3e4 Kh8
30.d6 c6
31.Rb3h3 Rf8e8
32.Ne4g5 { resign }
1-0

[Event "Tourn. n7664"]
[Site "www.chess-mail.com"]
[Date "2014.12.18"]
[Round "1"]
[White "Loper10"]
[Black "Stepanpech"]
[WhiteElo "2610"]
[BlackElo "2740"]
[Result "1-0"]
[Round "1"]
1.d4 Ng8f6
2.Ng1f3 g6
3.c4 Bf8g7
4.g3 O-O
5.Bf1g2 d6
6.O-O Nb8d7
7.Nb1c3 e5
8.e4 exd4
9.Nf3xd4 Rf8e8
10.h3 Nd7c5
11.Rf1e1 Bc8d7
12.Bc1f4 h6
13.Nd4b3 Nc5e6
14.Bf4e3 Ne6g5
15.Be3xg5 hxg5
16.e5 dxe5
17.Bg2xb7 Ra8b8
18.Bb7g2 g4
19.h4 Rb8b4
20.Qd1e2 Qd8b8
21.Ra1d1 Bd7e6
22.Bg2d5 Nf6xd5
23.Nc3xd5 Rb4a4
24.Nb3c1 c6
25.Nd5c3 Ra4xc4
26.Nc3e4 Rc4d4
27.Nc1b3 Rd4xd1
28.Re1xd1 f5
29.Ne4c3 Re8d8
30.Rd1xd8 Qb8xd8
31.Nb3c1  { time }
1-0

[Event "Tourn. n7887"]
[Site "www.chess-mail.com"]
[Date "2014.12.18"]
[Round "1"]
[White "Rindrandria"]
[Black "A27l"]
[WhiteElo "1460"]
[BlackElo "1420"]
[Result "1-0"]
[Round "1"]
1.d4 d5
2.f4 e6
3.g3 h6
4.e3 Ng8f6
5.c4 Bf8b4
6.Bc1d2 Bb4xd2
7.Nb1xd2 O-O
8.Qd1c2 Nf6h7
9.c5 f5
10.Ng1f3 Qd8e8
11.Nf3e5 Nb8d7
12.Bf1b5 c6
13.Bb5e2 Nd7xe5
14.dxe5 Bc8d7
15.Qc2b3  { time }
1-0

[Event "Tourn. n7865"]
[Site "www.chess-mail.com"]
[Date "2014.12.18"]
[Round "1"]
[White "A27l"]
[Black "Tenzinnima"]
[WhiteElo "1420"]
[BlackElo "1499"]
[Result "0-1"]
[Round "1"]
1.e4 c5
2.d3 g6
3.Ng1f3 Bf8g7
4.Bf1e2 Nb8c6
5.O-O Ng8f6
6.h3 O-O
7.Nf3h2 d5
8.exd5 Nf6xd5
9.Be2f3 b6
10.Bf3xd5 Qd8xd5
11.Qd1f3 Qd5d7
12.Nb1c3 Bc8a6
 { time }
0-1

[Event "Tourn. n7788"]
[Site "www.chess-mail.com"]
[Date "2014.12.18"]
[Round "1"]
[White "Norlavuaram"]
[Black "Ssharp"]
[WhiteElo "2150"]
[BlackElo "2200"]
[Result "1/2-1/2"]
[Round "1"]
1.g3 e5
2.Bf1g2 d5
3.d3 Ng8f6
4.Ng1f3 Bf8d6
5.O-O O-O
6.Nb1d2 c6
7.e4 h6
8.h3 Bc8e6
9.c3 Qd8d7
10.Kh2 Nb8a6
11.Qd1e2 Ra8e8
12.Rf1e1 dxe4
13.dxe4 Na6c5
14.a4 Qd7c7
15.b4 Nc5d7
16.Ra1b1 a6
17.Nd2c4 Be6xc4
18.Qe2xc4 b5
19.axb5 axb5
20.Qc4d3 Nd7b6
21.Bc1e3 Nb6c4
22.Rb1a1 Nc4b2
23.Qd3c2 Nb2a4
24.Re1d1 Re8a8
25.Nf3d2 Nf6d7
26.Nd2b3 Nd7b6
27.Rd1d3 Rf8d8
28.Ra1d1 Bd6e7
29.Rd3xd8 Ra8xd8
30.Rd1xd8 Qc7xd8
31.Bg2f1 Be7g5
32.Be3xg5 Qd8xg5
33.Nb3a5 Qg5f6
34.c4 bxc4
35.Bf1xc4 Nb6xc4
36.Na5xc4 Na4c3
37.Qc2xc3 { draw }
1/2-1/2

[Event "Tourn. n7890"]
[Site "www.chess-mail.com"]
[Date "2014.12.18"]
[Round "1"]
[White "Andreachess"]
[Black "Cristiano"]
[WhiteElo "1950"]
[BlackElo "1979"]
[Result "0-1"]
[Round "1"]
1.c4 Ng8f6
2.Nb1c3 g6
3.d4 Bf8g7
4.Ng1f3 d6
5.e4 O-O
6.Bf1e2 Nb8d7
7.O-O e5
8.Bc1e3 b6
9.d5 a6
10.a4 Bc8b7
11.b4 Qd8b8
12.a5 Nf6g4
13.Be3c1 Bb7c8
14.h3 Ng4h6
15.Nf3g5 Nd7f6
16.f4 exf4
17.Rf1xf4 Nf6e8
18.Bc1b2 bxa5
19.b5 axb5
20.cxb5 Qb8b6
21.Kh1 f5
22.Ng5e6 Bc8xe6
23.dxe6 fxe4
24.Rf4xe4 Ne8f6
25.Re4f4 Ra8e8
26.Nc3d5 Nf6xd5
27.Rf4xf8 Re8xf8
28.Bb2xg7 Kxg7
29.Qd1xd5 Nh6f5
30.Kh2 Nf5e7
31.Qd5g5 Rf8f6
32.Ra1f1 Qb6d4
33.Be2g4 h6
34.Qg5c1 Qd4e5
35.Kg1 Rf6xf1
36.Qc1xf1 Ne7f5
37.Qf1c4 Qe5e3
38.Kh2 Qe3c5
{ resign }
0-1

[Event "Tourn. n7888"]
[Site "www.chess-mail.com"]
[Date "2014.12.18"]
[Round "1"]
[White "Roque1"]
[Black "Picifarkinca"]
[WhiteElo "1890"]
[BlackElo "1890"]
[Result "0-1"]
[Round "1"]
1.e4 e5
2.Ng1f3 Nb8c6
3.Bf1b5 a6
4.Bb5a4 Ng8f6
5.O-O Bf8e7
6.Nb1c3 b5
7.Ba4b3 O-O
8.d3 d6
9.Bc1g5 Bc8b7
10.Bg5xf6 Be7xf6
11.Nc3d5 Nc6a5
 { time }
0-1

[Event "Tourn. n7788"]
[Site "www.chess-mail.com"]
[Date "2014.12.18"]
[Round "1"]
[White "Ssharp"]
[Black "Apdash"]
[WhiteElo "2200"]
[BlackElo "2090"]
[Result "0-1"]
[Round "1"]
1.e4 c5
2.Ng1f3 d5
3.exd5 e6
4.dxe6 Bc8xe6
5.Bf1b5 Be6d7
6.Bb5e2 Nb8c6
7.d3 Ng8f6
8.Bc1g5 Bf8e7
9.Nb1c3 O-O
10.O-O Rf8e8
11.h3 Bd7e6
12.Bg5e3 Nc6d4
13.Rf1e1 Nd4xe2
14.Qd1xe2 a6
15.Ra1d1 b5
16.a3 Qd8d7
17.Nc3e4 Nf6xe4
18.dxe4 Qd7c6
19.Be3f4 Be7f6
20.Bf4e5 Bf6xe5
21.Nf3xe5 Qc6c7
22.Ne5f3 h6
23.e5 Ra8d8
24.Rd1xd8 Re8xd8
25.Re1d1 Be6c4
26.Rd1xd8 { time. }
0-1

[Event "Tourn. n7886"]
[Site "www.chess-mail.com"]
[Date "2014.12.18"]
[Round "1"]
[White "Roque1"]
[Black "Picifarkinca"]
[WhiteElo "1890"]
[BlackElo "1890"]
[Result "0-1"]
[Round "1"]
1.e4 e5
2.Ng1f3 Nb8c6
3.Bf1b5 a6
4.Bb5a4 Ng8f6
5.d3 b5
6.Ba4b3 Bf8e7
7.Nb1c3 O-O
8.O-O d6
9.Bc1e3 Bc8b7
10.a4 b4
11.Nc3e2 Nc6a5
 { time }
0-1

[Event "Match"]
[Site "www.echecsemail.com"]
[Date "2014.12.18"]
[Round "1"]
[White "Micheles"]
[Black "Nimzo"]
[WhiteElo "2550"]
[BlackElo "2640"]
[Result "0-1"]
[Round "1"]
1.d4 e6
2.Ng1f3 Ng8f6
3.Bc1g5 c5
4.e3 Qd8b6
5.Qd1c1 Nb8c6
6.c3 d5
7.Nb1d2 cxd4
8.exd4 e5
9.dxe5 { time. }
0-1

[Event "Match"]
[Site "www.echecsemail.com"]
[Date "2014.12.18"]
[Round "1"]
[White "Theboss"]
[Black "Robinjut"]
[WhiteElo "1540"]
[BlackElo "1470"]
[Result "1-0"]
[Round "1"]
1.e4 e5
2.Ng1f3 Nb8c6
3.Bf1b5 a6
4.Bb5xc6 dxc6
5.Nf3xe5 Qd8e7
6.d4 c5
7.c3 Qe7h4
8.Qd1f3 f6
9.Qf3f4 Qh4xf4
10.Bc1xf4 fxe5
11.Bf4xe5 cxd4
12.cxd4 Bf8b4
13.Kf1 Ng8e7
14.Be5xg7 Rh8g8
15.Bg7e5 c6
16.a3 Ne7g6
17.Be5f6 Rg8f8
18.e5 Bc8f5
19.Bf6g7 Rf8f7
20.Bg7f6 Bb4e7
21.Nb1c3 Be7xf6
22.exf6 Rf7xf6
23.Ra1e1 Kf7
24.f3 Bf5d3
25.Kf2 Ra8e8
26.Re1e3 Re8xe3
27.Kxe3 Bd3f5
28.Rh1e1 Rf6e6
29.Kf2 Re6xe1
30.Kxe1 Ng6f4
31.g4 Bf5g6
32.Nc3d1 b5
33.b4 h5
34.g5 h4
35.Nd1e3 Nf4d3
36.Kd2 Nd3f4
37.Ne3g4 Bg6h5
38.Ng4e5 Ke6
39.Ne5xc6 Bh5xf3
40.Ke3 Bf3xc6
41.Kxf4 Kf7
42.Kg4 Kg6
43.Kxh4 Bc6d5
44.Kg4 Bd5e6
45.Kf4 Kh5
46.Ke5 Be6h3
47.Kf6 Kg4
48.g6 Bh3g2
49.g7 Bg2d5
50.Ke5 Bd5a2
51.d5 { resign }
1-0

[Event "Match"]
[Site "www.echecsemail.com"]
[Date "2014.12.18"]
[Round "1"]
[White "Skorpio47"]
[Black "Delacey"]
[WhiteElo "1499"]
[BlackElo "1499"]
[Result "0-1"]
[Round "1"]
1.e4 c5
2.Ng1f3 d6
3.d4 cxd4
4.Nf3xd4 a6
5.Bf1d3 Qd8b6
6.c3 e5
7.Nd4f3 Bf8e7
8.b3 Ng8f6
9.Bc1g5 Bc8g4
10.h3 Bg4xf3
11.Qd1xf3 O-O
12.O-O Nb8d7
13.Bg5e3 Qb6c7
14.Qf3g3 Nf6h5
 { time }
0-1

[Event "Match"]
[Site "www.echecsemail.com"]
[Date "2014.12.18"]
[Round "1"]
[White "Reanna"]
[Black "Eman85"]
[WhiteElo "1710"]
[BlackElo "1849"]
[Result "0-1"]
[Round "1"]
1.c4 f5
2.g3 e5
3.Bf1g2 Ng8f6
4.Nb1c3 Nb8c6
5.Nc3d5 Bf8c5
6.d3 O-O
7.Ng1h3 d6
8.Bc1g5 Bc8e6
9.O-O f4
10.Nd5xf6 gxf6
11.Bg5h6 Qd8d7
12.e3 Be6g4
13.Qd1c1 f3
14.Bh6xf8 fxg2
15.Rf1e1 Ra8xf8
16.a3 Bg4xh3
17.b4 e4
18.d4 Bc5xd4
19.exd4 Nc6xd4
20.Re1xe4 Nd4f3

0-1